| 000 | 00606nam a2200193 i 4500 | ||
|---|---|---|---|
| 001 | 79222 | ||
| 003 | ES-MaACL | ||
| 005 | 20250730063112.0 | ||
| 007 | t| | ||
| 008 | 041020s1923 fr ||||1| fre d | ||
| 100 | 0 |
_aHérelle, Félix Hubert d', _d1873-1949 _962702 |
|
| 245 | 1 | 4 |
_aLes défenses de l'organisme / _cF. d'Herelle. |
| 260 |
_aParis : _bFlammarion, _c1923 ( _fHemmerlé) |
||
| 300 |
_a299 p. ; _c18 cm. |
||
| 490 | 1 | _aBibliothèque de philosophie scientifique | |
| 830 | 0 |
_aBibliothèque de philosophie scientifique _9181135 |
|
| 852 |
_aES-MaACL _jF-6436 |
||
| 999 |
_c79222 _d79222 |
||